Louisiana Superlatives - Statistics

General Stats
  • This quiz has been taken 15 times
  • The average score is 8 of 14
Answer Stats
Hint Answer % Correct
Busiest Airport Louis Armstrong New Orleans International Airport
100%
Largest four-year college or university (by total enrollment) Louisiana State University
100%
Lowest Point New Orleans
100%
Largest City New Orleans
100%
Longest River Mississippi
92%
Largest Natural Lake Lake Pontchartrain
85%
Largest Parish (Population) East Baton Rouge
62%
All-Time Highest Recorded Temperature (°F) 114°F (Plain Dealing)
46%
All-Time Lowest Recorded Temperature (°F) -16°F (Minden)
46%
Highest Point Driskill Mountain
46%
Largest Parish (Area) Plaquemines (total) / Rapides (land)
23%
Largest Man-Made Lake Toledo Bend Reservoir
23%
Oldest continuously inhabited settlement Natchitoches
15%
Largest Island Marsh Island
8%
No matching quizzes found
Score Distribution
Percent of People with Each Score
Percentile by Number Answered
Your Score History
You have not taken this quiz